Análisis de circuitos en ingeniería

Saved in:
Bibliographic Details
Main Authors: Hayt, William Hart (Author), Kemmerly, Jack Ellsworth (Author)
Format: Book
Language:Spanish
Published: Ciudad de México McGraw Hill 2003
Edition:6a. ed
Subjects:
Tags: Add Tag
No Tags, Be the first to tag this record!

MARC

LEADER 00000nam a2200000 a 4500
001 UCM9235
003 CL-VaPUC
008 030417e20030000MX |||||||||||||||||spa|d
020 |a 9701036948 
082 0 4 |a 621.3192  |b HAY  |2 21 
100 |a Hayt, William Hart  |e author  |9 525122 
700 0 |a Kemmerly, Jack Ellsworth  |e author  |9 475646 
245 1 0 |a Análisis de circuitos en ingeniería 
250 |a 6a. ed 
300 |a 835 p 
942 |c BK 
945 |d 20030417 00:00:00  |a vberengu 
260 |a Ciudad de México  |b McGraw Hill  |c 2003 
500 |a Incluye cd 
650 0 |a Análisis de Fourier  |9 260464 
650 0 |a Circuitos  |9 263339 
650 0 |a Circuitos eléctricos   |9 260262 
650 0 |a Circuitos electrónicos  |9 260204 
650 0 |a Equipo eléctrico  |9 345678 
650 0 |a Redes eléctricas   |9 260139 
650 7 |a TRATAMIENTO Y DETECCION DE SEÑALES  |2 CL-VaPUC  |9 360217 
583 |a last modification  |c 20030417 00:00:00  |k Rodrigo Vera 
999 |c 303563  |d 303561 
952 |0 0  |1 0  |2 ddc  |4 0  |6 621_319200000000000_HAY_2003  |7 0  |8 A  |9 364956  |a BIBING  |b BIBING  |c RES  |d 2019-11-21  |i 4044460  |o 621.3192 HAY 2003  |p 4044460  |r 2025-01-20  |w 2019-11-21  |y BK  |k EIE